La casa de los espíritus
Uloženo v:
| Hlavní autor: | |
|---|---|
| Médium: | Kniha |
| Jazyk: | španělština |
| Vydáno: |
Barcelona
Plaza y Janés
1982
|
| Edice: | Literaria. Novela
|
| Témata: | |
| Tagy: |
Přidat tag
Žádné tagy, Buďte první, kdo vytvoří štítek k tomuto záznamu!
|
MARC
| LEADER | 00000cam a2200000 a 4500 | ||
|---|---|---|---|
| 001 | UCK4988 | ||
| 003 | CL-VaPUC | ||
| 008 | 050708e19820000SP |||||||||||||||||spa|d | ||
| 020 | |a 8401380111 | ||
| 082 | 0 | 4 | |a Ch863 |b ALL |2 21 |
| 100 | |a Allende, Isabel, |d 1942- |e autora |9 318389 | ||
| 245 | 1 | 3 | |a La casa de los espíritus |
| 300 | |a 363 p | ||
| 942 | |c BK | ||
| 945 | |d 20050708 00:00:00 |a cmena | ||
| 260 | |a Barcelona |b Plaza y Janés |c 1982 | ||
| 650 | 0 | |a Novelas chilenas |9 265425 | |
| 650 | 0 | |a Literatura chilena |9 308278 | |
| 583 | |a last modification |c 20151103 12:28:46 |k Rodrigo Vera | ||
| 490 | 0 | |a Literaria. Novela | |
| 999 | |c 313687 |d 313685 | ||
| 952 | |0 0 |1 0 |4 0 |6 CH_863_000000000000000_ALL_1982 |7 0 |8 A |9 385170 |a BIBEDU |b BIBEDU |c ES_NOD |d 2019-11-22 |i 4143787 |o Ch863 ALL 1982 |p 4143787 |r 2023-08-09 |w 2019-11-22 |y BK |k LIT | ||
| 952 | |0 0 |1 0 |3 erb |4 0 |6 CH_863_000000000000000_ALL_1982 |7 0 |8 A |9 385171 |a BIBEDU |b BIBEDU |c ES_NOD |i 5210658 |l 1 |o Ch863 ALL 1982 |p 5210658 |r 2023-08-09 |s 2023-07-12 |w 2019-11-22 |y BK |z Catalogado en:20151106 |k EDU | ||